Saison 2020-2021 NBA - Statistiques

Statistiques générales
  • Ce quiz a été pris 344 fois
  • Le résultat moyen est 182 sur 358
Statistiques - réponses
Hint Réponse % Correct
All NBA : 1st Team | All-Star Game : Titulaire | Joueur ayant joué tous les matchs | +10 others Nikola Jokic Denver Nuggets
89%
All NBA : 1st Team | All-Defensive : 1st Team | All-Star Game : Titulaire | +6 others Giannis Antetokounmpo Milwaukee Bucks
87%
All NBA : 3rd Team | All-Defensive : 1st Team | All-Star Game : Remplaçant | +5 others Rudy Gobert Utah Jazz
83%
Champion Milwaukee Bucks
81%
All-Rookie : 1st Team | Joueur ayant joué tous les matchs | Meilleur scoreur : Timberwolves | +5 others Anthony Edwards Minnesota Timberwolves
80%
Finaliste Phoenix Suns
79%
3 point Contest : Vainqueur | All NBA : 1st Team | All-Star Game : Titulaire | +6 others Stephen Curry Golden State Warriors
76%
All NBA : 2nd Team | All-Star Game : Capitaine LeBron James Los Angeles Lakers
75%
Meilleur scoreur : Lakers Lebron James
75%
All-Star Game : Capitaine | Joueur de la semaine 4 : Est Kevin Durant Brooklyn Nets
73%
Éliminé au premier tour Boston Celtics
72%
All NBA : 2nd Team | All-Defensive : 2nd Team | All-Star Game : Titulaire | +3 others Joel Embiid Philadelphia 76ers
72%
Éliminé au premier tour Los Angeles Lakers
72%
All-Star Game : Remplaçant | Joueur de la semaine 6 : Est | Joueur de la semaine 9 : Est | +3 others James Harden Brooklyn Nets
71%
All NBA : 2nd Team | All-Star Game : Remplaçant | Joueur de la semaine 15 : Est | +6 others Julius Randle New York Knicks
71%
Éliminé en finale de conférence Los Angeles Clippers
71%
All-Rookie : 1st Team | Meilleur passeur : Hornets | Rising Star : Equipe U.S | +3 others LaMelo Ball Charlotte Hornets
69%
All NBA : 1st Team | All-Star Game : Titulaire | Joueur de la semaine 13 : Ouest | +7 others Luka Doncic Dallas Mavericks
69%
All-Star Game : Remplaçant | Joueur de la semaine 10 : Ouest | Joueur de la semaine 17 : Ouest | +3 others Devin Booker Phoenix Suns
68%
All NBA : 3rd Team | All-Star Game : Titulaire | Meilleur intercepteur : Nets | Meilleur scoreur : Nets Kyrie Irving Brooklyn Nets
68%
Éliminé en demi-finale de conférence Brooklyn Nets
67%
All NBA : 1st Team | All-Defensive : 2nd Team | All-Star Game : Titulaire | +2 others Kawhi Leonard Los Angeles Clippers
66%
Meilleur intercepteur : Pelicans | Meilleur passeur : Pelicans Lonzo Ball
66%
Éliminé au premier tour Miami Heat
66%
Joueur de la semaine 19 : Est | Meilleur passeur : Hawks | Meilleur scoreur : Hawks Trae Young Atlanta Hawks
66%
Éliminé en finale de conférence Atlanta Hawks
65%
All NBA : 3rd Team | All-Star Game : Titulaire | Joueur de la semaine 16 : Est | Meilleur scoreur : Wizards Bradley Beal Washington Wizards
65%
3 point Contest : Finaliste | All-Star Game : Remplaçant | Joueur de la semaine 14 : Est | +6 others Jayson Tatum Boston Celtics
65%
All NBA : 2nd Team | All-Star Game : Remplaçant | Meilleur intercepteur : Suns | +2 others Chris Paul Phoenix Suns
64%
3 point Contest : Participant | All-Star Game : Remplaçant | Meilleur scoreur : Jazz Donovan Mitchell Utah Jazz
64%
All NBA : 2nd Team | All-Star Game : Remplaçant | Joueur de la semaine 19 : Ouest | +4 others Damian Lillard Portland Trail Blazers
63%
Éliminé en demi-finale de conférence Denver Nuggets
63%
Coach du mois Ouest : Mars Monty Williams Phoenix Suns
63%
All NBA : 3rd Team | All-Star Game : Remplaçant | Joueur de la semaine 14 : Ouest | Meilleur passeur : Clippers Paul George Los Angeles Clippers
63%
Meilleur intercepteur : Bulls | Meilleur rebondeur : Bulls Thaddeus Young
63%
All-Defensive : 1st Team | Meilleur intercepteur : Warriors | Meilleur passeur : Warriors | Meilleur rebondeur : Warriors Draymond Green Golden State Warriors
62%
All NBA : 3rd Team | All-Defensive : 2nd Team | Meilleur intercepteur : Heat | Meilleur passeur : Heat Jimmy Butler Miami Heat
62%
All-Rookie : 2nd Team | Meilleur contreur : Bulls Patrick Williams Chicago Bulls
62%
Meilleur contreur : Celtics Robert Williams
62%
Meilleur passeur : Grizzlies | Meilleur scoreur : Grizzlies | Rising Star : Equipe U.S Ja Morant Memphis Grizzlies
61%
All-Star Game : Remplaçant | Meilleur contreur : Lakers Anthony Davis Los Angeles Lakers
60%
Éliminé au premier tour Dallas Mavericks
60%
3 point Contest : Participant | All-Star Game : Remplaçant Jaylen Brown Boston Celtics
60%
Éliminé en demi-finale de conférence Utah Jazz
60%
Meilleur contreur : Thunder Moses Brown
59%
Joueur de la semaine 18 : Est | Joueur du mois Est : Mai | Meilleur intercepteur : Wizards | +3 others Russell Westbrook Washington Wizards
59%
All-Star Game : Remplaçant Zach LaVine Chicago Bulls
59%
3 point Contest : Participant | Meilleur scoreur : Bulls Zach Lavine Chicago Bulls
59%
All-Defensive : 2nd Team | Meilleur contreur : Heat | Meilleur rebondeur : Heat | Meilleur scoreur : Heat Bam Adebayo Miami Heat
58%
Joueur de la semaine 12 : Ouest | Joueur de la semaine 7 : Ouest | Meilleur intercepteur : Kings | +2 others De'Aaron Fox Sacramento Kings
58%
Éliminé au play-in tournament Golden State Warriors
58%
All-Star Game : Remplaçant | Joueur de la semaine 1 : Est | Meilleur rebondeur : Pacers | +2 others Domantas Sabonis Indiana Pacers
57%
Éliminé au premier tour New York Knicks
57%
Sixth Man Of the Year Jordan Clarkson Utah Jazz
56%
All-Star Game : Remplaçant | Meilleur contreur : Pelicans | Meilleur scoreur : Pelicans | Rising Star : Equipe U.S Zion Williamson New Orleans Pelicans
56%
All-Defensive : 1st Team | All-Star Game : Remplaçant | Meilleur passeur : 76ers Ben Simmons Philadelphia 76ers
54%
All-Defensive : 1st Team | Joueur de la semaine 13 : Est | Meilleur intercepteur : Bucks Jrue Holiday Milwaukee Bucks
54%
Meilleur passeur : Spurs | Meilleur scoreur : Spurs DeMar DeRozan
53%
Joueur ayant joué tous les matchs Justin Holiday Indiana Pacers
52%
Joueur de la semaine 1 : Ouest Brandon Ingram New Orleans Pelicans
51%
Meilleur rebondeur : Raptors | Meilleur scoreur : Raptors Pascal Siakam
51%
Éliminé au premier tour Memphis Grizzlies
49%
All-Rookie : 1st Team | Rising Star : Equipe U.S | Rookie du mois Ouest : Février | Rookie du mois Ouest : Janvier Tyrese Haliburton Sacramento Kings
49%
Meilleur passeur : Bucks Khris Middleton
48%
Meilleur contreur : Hornets | Meilleur rebondeur : Hornets P.J. Washington
48%
Joueur de la semaine 2 : Est Tobias Harris Philadelphia 76ers
48%
3 point Contest : Finaliste | All-Star Game : Remplaçant | Meilleur intercepteur : Jazz Mike Conley Utah Jazz
47%
Meilleur intercepteur : Cavaliers | Meilleur passeur : Cavaliers Darius Garland
46%
Meilleur intercepteur : Spurs Dejounte Murray
46%
Éliminé au play-in tournament Indiana Pacers
46%
All-Star Game : Remplaçant | Meilleur rebondeur : Magic | Meilleur scoreur : Magic | Skill Challenge : Finaliste Nikola Vucevic Orlando Magic
46%
Éliminé en demi-finale de conférence Philadelphia 76ers
46%
Meilleur scoreur : Thunder Shai Gilgeous-Alexander
46%
Meilleur rebondeur : Timberwolves Karl-Anthony Towns
45%
Éliminé au premier tour Portland Trail Blazers
45%
Meilleur contreur : Hawks | Meilleur rebondeur : Hawks Clint Capela
44%
Coach Of the Year | Coach du mois Est : Mai Tom Thibodeau New York Knicks
43%
Rising Star : Equipe U.S Tyler Herro Miami Heat
43%
Meilleur contreur : Cavaliers | Meilleur rebondeur : Cavaliers Jarrett Allen
42%
Éliminé au play-in tournament Charlotte Hornets
40%
Joueur ayant joué tous les matchs Mikal Bridges Phoenix Suns
40%
Meilleur contreur : Suns | Meilleur rebondeur : Suns Deandre Ayton
38%
Joueur ayant joué tous les matchs | Joueur de la semaine 18 : Ouest Bojan Bogdanovic Utah Jazz
37%
Éliminé au play-in tournament San Antonio Spurs
37%
Éliminé au premier tour Washington Wizards
36%
Meilleur contreur : Bucks Brook Lopez
35%
Meilleur passeur : Magic Cole Anthony
35%
Meilleur scoreur : Cavaliers Collin Sexton
35%
Meilleur intercepteur : Raptors Fred VanVleet
33%
Meilleur passeur : Rockets John Wall
33%
Meilleur passeur : Raptors Kyle Lowry
32%
Meilleur contreur : Nuggets | Rising Star : Equipe U.S Michael Porter Jr Denver Nuggets
32%
Joueur de la semaine 12 : Est | Meilleur intercepteur : Hornets | Meilleur scoreur : Hornets Terry Rozier Charlotte Hornets
32%
Meilleur contreur : Mavericks Kristaps Porzingis
31%
Meilleur rebondeur : Pelicans Steven Adams
31%
Coach du mois Est : Février Steve Nash Brooklyn Nets
31%
All-Rookie : 2nd Team Desmond Bane Memphis Grizzlies
30%
Joueur ayant joué tous les matchs | Meilleur contreur : Clippers | Meilleur rebondeur : Clippers Ivica Zubac
30%
Meilleur contreur : Pacers Myles Turner
30%
Coach du mois Est : Janvier Doc Rivers Philadelphia 76ers
29%
Meilleur passeur : Bulls Coby White
27%
Joueur ayant joué tous les matchs | Rising Star : Equipe Monde RJ Barrett New York Knicks
27%
Meilleur contreur : Warriors Andrew Wiggins
26%
Meilleur scoreur : Pistons Jerami Grant
26%
Joueur ayant joué tous les matchs Duncan Robinson Miami Heat
25%
Meilleur rebondeur : 76ers Dwight Howard
25%
Rising Star : Equipe U.S Keldon Johnson San Antonio Spurs
25%
Rising Star : Equipe Monde Nickeil Alexander-Walker New Orleans Pelicans
23%
All-Rookie : 1st Team | Joueur de la semaine 8 : Est Saddiq Bey Detroit Pistons
23%
Meilleur contreur : Nets | Meilleur rebondeur : Nets DeAndre Jordan
22%
Meilleur passeur : Jazz Joe Ingles
22%
Meilleur contreur : Grizzlies Kyle Anderson / Jonas Valanciunas
22%
Slam Dunk : Vainqueur Anfernee Simons Portland Trail Blazers
21%
Rising Star : Equipe U.S James Wiseman Golden State Warriors
21%
Coach du mois Ouest : Avril Michael Malone Denver Nuggets
21%
Slam Dunk : Finaliste Obi Toppin New York Knicks
21%
Meilleur contreur : Rockets | Meilleur rebondeur : Rockets | Meilleur scoreur : Rockets Christian Wood
20%
Meilleur rebondeur : Grizzlies Jonas Valanciunas
20%
Coach du mois Ouest : Février | Coach du mois Ouest : Janvier Quin Snyder Utah Jazz
20%
All-Defensive : 2nd Team | Meilleur contreur : 76ers | Meilleur intercepteur : 76ers Matisse Thybulle Philadelphia 76ers
19%
Coach du mois Est : Avril Scott Brooks Washington Wizards
18%
Rising Star : Equipe U.S De'Andre Hunter Atlanta Hawks
16%
All-Rookie : 2nd Team Immanuel Quickley New York Knicks
16%
Rising Star : Equipe Monde Luguentz Dort Oklahoma City Thunder
16%
All-Rookie : 2nd Team Isaac Okoro Cleveland Cavaliers
15%
Meilleur contreur : Magic Mo Bamba
14%
Meilleur intercepteur : Lakers | Meilleur passeur : Lakers Dennis Schroder
13%
Coach du mois Est : Mars Nate McMillan Atlanta Hawks
13%
Meilleur intercepteur : Timberwolves | Meilleur passeur : Timberwolves Ricky Rubio
13%
Meilleur intercepteur : Hawks Kevin Huerter
12%
Meilleur rebondeur : Lakers Montrezl Harrell
12%
Rising Star : Equipe Monde Rui Hachimura Washington Wizards
12%
All-Rookie : 2nd Team | Meilleur contreur : Pistons Isaiah Stewart Detroit Pistons
11%
Meilleur passeur : Pistons | Meilleur rebondeur : Pistons Mason Plumlee
11%
Meilleur intercepteur :Thunder | Meilleur passeur : Thunder | Rising Star : Equipe Monde Theo Maledon Oklahoma City Thunder
11%
Meilleur contreur : Raptors Chris Boucher
10%
All-Rookie : 1st Team | Meilleur intercepteur : Rockets Jae'Sean Tate Houston Rockets
9%
Meilleur contreur : Kings | Meilleur rebondeur : Kings Richaun Holmes
9%
Meilleur contreur : Trail Blazers | Meilleur intercepteur : Trail Blazers | Skill Challenge : Participant Robert Covington Portland Trail Blazers
9%
Rising Star : Equipe Monde Deni Avdija Washington Wizards
8%
Meilleur contreur : Spurs | Meilleur rebondeur : Spurs Jakob Poeltl
8%
Meilleur contreur : Wizards Alex Len
6%
Rising Star : Equipe Monde Brandon Clarke Memphis Grizzlies
6%
Meilleur contreur : Knicks | Meilleur intercepteur : Knicks Nerlens Noel
6%
Rising Star : Equipe Monde Precious Achiuwa Miami Heat
6%
Coach du mois Ouest : Mai Terry Stotts Portland Trail Blazers
6%
Meilleur intercepteur : Pacers | Meilleur intercepteur de l'année | Meilleur passeur : Pacers T.J. McConnell Indiana Pacers
6%
Meilleur intercepteur : Grizzlies Kyle Anderson
5%
Rookie du mois Est : Avril Malachi Flynn Toronto Raptors
5%
Meilleur contreur : Timberwolves Naz Reid
5%
Rookie du mois Est : Mai R.J. Hampton Orlando Magic
4%
Meilleur rebondeur : Thunder Darius Bazley
3%
Joueur ayant joué tous les matchs | Meilleur rebondeur : Trail Blazers Enes Freedom
3%
Rising Star : Equipe Monde Facundo Campazzo Denver Nuggets
3%
Slam Dunk : Participant Cassius Stanley Indiana Pacers
2%
Meilleur intercepteur : Pistons Delon Wright
2%
Joueur ayant joué tous les matchs Georges Niang Utah Jazz
2%
Rising Star : Equipe Monde Mychal Mulder Golden State Warriors
2%
Meilleur intercepteur : Magic Chuma Okeke
1%
Joueur ayant joué tous les matchs Dwayne Bacon Orlando Magic
1%
Aucun quiz correspondant
Distribution des résultats
% des personnes avec chaque résultat
Percentile par nombre de réponses
Votre historique - résultats
Vous n’avez pas pris ce quiz